Oceanian Geography By Letter O - Picture Quiz - Statistics

General Stats
  • This quiz has been taken 145 times
  • The average score is 4 of 9
Answer Stats
Picture Hint Answer % Correct
(remote area) Outback
91%
(mineraloid) Opal
79%
(island) Oahu
71%
(animal) Osprey
56%
(region) Otago
25%
(animal) Oystercatcher
19%
Mount {Olga}
13%
Mount {Ossa}
6%
(peninsula) Orote
0%
No matching quizzes found
Score Distribution
Percent of People with Each Score
Percentile by Number Answered
Your Score History
You have not taken this quiz